| 000 -LEADER |
| fixed length control field |
03099cam a22003258i 4500 |
| 005 - DATE AND TIME OF LATEST TRANSACTION |
| control field |
20170105102342.0 |
| 008 - FIXED-LENGTH DATA ELEMENTS--GENERAL INFORMATION |
| fixed length control field |
111115s2012 enk b 001 0 eng |
| 010 ## - LIBRARY OF CONGRESS CONTROL NUMBER |
| LC control number |
2011047199 |
| 020 ## - INTERNATIONAL STANDARD BOOK NUMBER |
| International Standard Book Number |
9781119951681 |
| 040 ## - CATALOGING SOURCE |
| Original cataloging agency |
DLC |
| 082 00 - DEWEY DECIMAL CLASSIFICATION NUMBER |
| Classification number |
621.38456 |
| Edition number |
23 |
| 100 1# - MAIN ENTRY--PERSONAL NAME |
| Personal name |
Poikselkä, Miikka. |
| 245 10 - TITLE STATEMENT |
| Title |
Voice over LTE (VoLTE) |
| Statement of responsibility, etc. |
Miikka Poikselka Harri Holma, Jukka Hongisto, Juha Kallio and Antti Toskala. |
| 260 ## - PUBLICATION, DISTRIBUTION, ETC. |
| Place of publication, distribution, etc. |
Chichester, West Sussex, United Kingdom : |
| Name of publisher, distributor, etc. |
John Wiley & Sons Inc., |
| Date of publication, distribution, etc. |
2012. |
| 263 ## - PROJECTED PUBLICATION DATE |
| Projected publication date |
1206 |
| 300 ## - PHYSICAL DESCRIPTION |
| Extent |
243p. : |
| Dimensions |
24 cm |
| 504 ## - BIBLIOGRAPHY, ETC. NOTE |
| Bibliography, etc. note |
Includes bibliographical references and index. |
| 520 ## - SUMMARY, ETC. |
| Summary, etc. |
"Describes the Voice over LTE (VoLTE) technological solutions and standards which will enable the migration of voice and SMS services over to LTE/SAE networksCovering radio, packet core and IMS, this book gives a holistic and system-wide view on how voice and SMS services will be provided in 4G mobile networks. Starting from the existing standards, it then gives readers an unbiased and end-to-end view of the standardized future voice technology. The various elements are described from a functional and logical perspective, before the authors explain how the system works from the perspective of call setup and mobility. It also takes an in-depth look at the most important technological issues, and allows readers to judge which of the different alternatives should be chosen for real network scenarios. Covering the technical and practical elements of Voice over LTE (VoLTE), this book explains the various approaches for providing voice services over LTE, a key network due for imminent roll out Focuses on the most important technological issues and allows readers to judge which of the different alternatives should be chosen for a real network Brings vital information for decision makers and those working on the technology and related products, as LTE has substantial cost-saving potential Authors bring a mixed of standards and product background, guaranteeing in-depth practical and standards information Whether a decision maker or technology analyst, this book explains a topic of substantial global market interest in the topic both now and in years to come. It gives a good technical introduction in the area of Voice over LTE and is useful for operators who think of deploying VoLTE, product managers responsible for VoLTE products and also those who work in implementation and standardization of related technologies. "-- |
| 650 #0 - SUBJECT ADDED ENTRY--TOPICAL TERM |
| Topical term or geographic name entry element |
Long-Term Evolution (Telecommunications) |
| 650 #0 - SUBJECT ADDED ENTRY--TOPICAL TERM |
| Topical term or geographic name entry element |
Internet telephony. |
| 650 #7 - SUBJECT ADDED ENTRY--TOPICAL TERM |
| Topical term or geographic name entry element |
TECHNOLOGY & ENGINEERING / Mobile & Wireless Communications. |
| Source of heading or term |
bisacsh |
| 700 1# - ADDED ENTRY--PERSONAL NAME |
| Personal name |
Holma, Harri, |
| Dates associated with a name |
1970- |
| 700 1# - ADDED ENTRY--PERSONAL NAME |
| Personal name |
Hongisto, Jukka. |
| 700 1# - ADDED ENTRY--PERSONAL NAME |
| Personal name |
Kallio, Juha. |
| 700 1# - ADDED ENTRY--PERSONAL NAME |
| Personal name |
Toskala, Antti. |
| 856 42 - ELECTRONIC LOCATION AND ACCESS |
| Materials specified |
Cover image |
| Uniform Resource Identifier |
<a href="http://catalogimages.wiley.com/images/db/jimages/9781119951681.jpg">http://catalogimages.wiley.com/images/db/jimages/9781119951681.jpg</a> |
| 856 42 - ELECTRONIC LOCATION AND ACCESS |
| Materials specified |
Publisher description |
| Uniform Resource Identifier |
<a href="http://www.loc.gov/catdir/enhancements/fy1203/2011047199-d.html">http://www.loc.gov/catdir/enhancements/fy1203/2011047199-d.html</a> |
| 856 41 - ELECTRONIC LOCATION AND ACCESS |
| Materials specified |
Table of contents only |
| Uniform Resource Identifier |
<a href="http://www.loc.gov/catdir/enhancements/fy1205/2011047199-t.html">http://www.loc.gov/catdir/enhancements/fy1205/2011047199-t.html</a> |
| 942 ## - ADDED ENTRY ELEMENTS (KOHA) |
| Source of classification or shelving scheme |
|
| Koha item type |
Book |